Cien años de soledad (Registro nro. 10617)
[ vista simple ]
| 000 -CABECERA | |
|---|---|
| Longitud fija campo de control | 00626nam a2200193 b 4500 |
| 003 - • IDENTIFICADOR DELl NÚMERO DE CONTROL | |
| Identificador del número de control | CO-ViMGA |
| 005 - • FECHA Y HORA DE LA ÚLTIMA TRANSACCIÓN | |
| Fecha y hora de la última transacción | 20230915224412.0 |
| 008 - • CÓDIGOS DE INFORMACIÓN DE LONGITUD FIJA | |
| Códigos de información de longitud fija | 070626s2007 sp | |||| 001 f spa |
| 020 ## - • NÚMERO INTERNACIONAL NORMALIZADO PARA LIBROS | |
| Número Internacional Normalizado para Libros (ISBN) | 9788420471839 |
| 040 ## - FUENTE DE LA CATALOGACIÓN | |
| Centro catalogador de origen | CO-ViMGA |
| Lengua de catalogación | spa |
| Centro transcriptor | CO-ViMGA |
| 082 ## - • NÚMERO DE LA CLASIFICACIÓN DECIMAL DEWEY | |
| Número de clasificación (R) | Co863 |
| Número del ítem | G17c |
| 100 1# - • PUNTO DE ACCESO PRINCIPAL-NOMBRE DE PERSONA | |
| Nombre de persona | García Márquez, Gabriel |
| Fechas asociadas al nombre | 1927-2014 |
| 245 10 - • TITULO PROPIAMENTE DICHO | |
| Título | Cien años de soledad |
| Medio | [Texto impreso] |
| Mención de responsabilidad, etc. | Gabriel García Márquez ; texto revisado por el autor para esta edición |
| 300 ## - • DESCRIPCIÓN FÍSICA | |
| Extensión | CXXXVIII, 609 p. |
| Dimensiones | 20 cm. |
| 504 ## - • NOTA DE BIBLIOGRAFÍA, ETC | |
| Nota de bibliografía, etc. | Biografía: p. 547-550. índice |
| 942 ## - ENTRADA DE ELEMENTOS AGREGADOS (KOHA) | |
| Fuente de clasificaión o esquema | Dewey Decimal Classification |
| Koha [por defecto] tipo de item | LIbro |
| Perdido | Fuente de clasificación o esquema | Estado Físico | No para préstamo | Forma de adquisición | Localización permanente | Localización actual | Fecha adquisición | Serie de enumeración / cronolog&íacute;a | Préstamos totales | Signatura completa | Código de barras | Fecha última consulta | Número de copia | Fecha del precio de reemplazo | Tipo de item de Koha | Localización en estanterías | Fecha último préstamo | Note pública | Renovaciones totales |
|---|---|---|---|---|---|---|---|---|---|---|---|---|---|---|---|---|---|---|---|
| Dewey Decimal Classification | Sala General | Biblioteca Barrio Emporio - Villavicencio | Biblioteca Barrio Emporio - Villavicencio | 12/04/2015 | Volumen. 1 | 11/jun/2009 | 370.152 L114 | 3242 | 05/16/2017 | Ej. 1 | 12/04/2015 | LIbro | ||||||||
| Literatura General | Biblioteca Pública Departamental Eduardo Carranza - Villavicencio | Biblioteca Pública Departamental Eduardo Carranza - Villavicencio | 02/10/2020 | 1 | N GAR2c | ECA6147 | 11/05/2025 | Ej.3 | 11/26/2024 | LIbro | Literatura | 08/13/2025 | 14517 | 19043 | ||||||
| Literatura General | Biblioteca Pública Departamental Eduardo Carranza - Villavicencio | Biblioteca Pública Departamental Eduardo Carranza - Villavicencio | 10/02/2010 | N GAR2c | ECA19370 | 11/26/2024 | Ej.1 | 11/26/2024 | LIbro | Literatura | 14517 | 19041 | ||||||||
| Literatura General | Biblioteca Pública Departamental Eduardo Carranza - Villavicencio | Biblioteca Pública Departamental Eduardo Carranza - Villavicencio | 01/27/2020 | 1 | N GAR2c | ECA27723 | 07/02/2025 | Ej.2 | 11/26/2024 | LIbro | Literatura | 05/21/2025 | 14517 | 19042 | 2 | |||||
| Dewey Decimal Classification | Sala General Segundo Piso | Biblioteca Pública Germán Arciniegas - Villavicencio | Biblioteca Pública Germán Arciniegas - Villavicencio | 12/04/2015 | Volumen. 1 | 11/jun/2009 | 370.152 L114 | 06412 | 12/04/2015 | Ej. 1 | 12/04/2015 | LIbro |